Les Arts (Record no. 5097)
[ view plain ]
| 000 -LEADER | |
|---|---|
| campo de control de longitud fija | 00906npm a2200229 4500 |
| 001 - NÚMERO DE CONTROL | |
| campo de control | 5097 |
| 003 - IDENTIFICADOR DE NÚMERO DE CONTROL | |
| campo de control | ES-MaACL |
| 005 - FECHA Y HORA DE LA ÚLTIMA TRANSACCIÓN | |
| campo de control | 20230908143341.0 |
| 007 - CAMPO FIJO DE DESCRIPCIÓN FÍSICA--INFORMACIÓN GENERAL | |
| campo de control de longitud fija | hzrazu bucu |
| 008 - DATOS DE LONGITUD FIJA--INFORMACIÓN GENERAL | |
| campo de control de longitud fija | 891019r19891902fr a a 00010 fre d |
| 080 ## - NÚMERO DE LA CLASIFICACIÓN DECIMAL UNIVERSAL | |
| Número de la Clasificación Decimal Universal | 7(05)(443.6) |
| 080 ## - NÚMERO DE LA CLASIFICACIÓN DECIMAL UNIVERSAL | |
| Número de la Clasificación Decimal Universal | 05(44) |
| 245 04 - MENCIÓN DEL TÍTULO | |
| Título | Les Arts |
| Resto del título | : [Microforma]. |
| 260 ## - PUBLICACIÓN, DISTRIBUCIÓN, ETC. | |
| Lugar de publicación, distribución, etc. | Madrid : |
| Nombre del editor, distribuidor, etc. | Ateneo Cientifico, Literario y Artistico, |
| Fecha de publicación, distribución, etc. | 1989. |
| 300 ## - DESCRIPCIÓN FÍSICA | |
| Extensión | 5 carretes de microfilme : |
| Otras características físicas | negativo, il. ; |
| Dimensiones | 35 mm. |
| 500 ## - NOTA GENERAL | |
| Nota general | Publicado originalmente: Paris, Manzi Joyant y Cie., 1902-1914, periodicidad mensual. |
| 505 8# - NOTA DE CONTENIDO CON FORMATO | |
| Nota de contenido con formato | Carrete n. 1: 1902 a 1904 (oct.) -- Carrete n. 2: 1904 (nov.) a 1907 (jun.) -- Carrete n. 3: 1907 (jul.) a 1910 (jun.) -- Carrete n. 4: 1910 (jul.) a 1912 -- Carrete n. 5: 1913 a 1914 (setp.) |
| 852 ## - LOCALIZACIÓN | |
| Ubicación | ES-MaACL |
| Número de control de estantería | M-199-203 |
| itemnumber | 5214 |
| Ubicación en estantería | Depósito 1 |
| 942 ## - ELEMENTOS DE ENTRADA SECUNDARIOS (KOHA) | |
| Fuente del sistema de clasificación o colocación | Clasificación decimal universal |
| Tipo de ítem Koha | Microforma |
| Estatus retirado | Estado de pérdida | Estado de daño | No para préstamo | Biblioteca de origen | Biblioteca actual | Ubicación en estantería | Fecha de adquisición | Fuente de adquisición | Total de préstamos | Signatura topográfica completa | Código de barras | Visto por última vez | Precio de reemplazo | Tipo de ítem Koha |
|---|---|---|---|---|---|---|---|---|---|---|---|---|---|---|
| Biblioteca del Ateneo de Madrid | Biblioteca del Ateneo de Madrid | Depósito 1 | 17/01/2008 | M-199-203 | 1005160 | 23/02/2023 | 23/02/2023 | Microforma |
